Welcome to CU Library Online Public Access Catalogue (OPAC)

Listen (Record no. 9058)

MARC details
000 -LEADER
fixed length control field 00933cjm a22002891a 4500
001 - CONTROL NUMBER
control field 12059226
005 - DATE AND TIME OF LATEST TRANSACTION
control field 20260313193740.0
007 - PHYSICAL DESCRIPTION FIXED FIELD--GENERAL INFORMATION
fixed length control field sdufungnn-m-ed
008 - FIXED-LENGTH DATA ELEMENTS--GENERAL INFORMATION
fixed length control field 920113s1992 nyumun
020 ## - INTERNATIONAL STANDARD BOOK NUMBER
International Standard Book Number 0312401159
020 ## - INTERNATIONAL STANDARD BOOK NUMBER
International Standard Book Number 9780312401153
050 00 - LIBRARY OF CONGRESS CALL NUMBER
Classification number MT6
Item number .K365 KER
100 1# - MAIN ENTRY--PERSONAL NAME
Personal name Kerman, Joseph,
Dates associated with a name 1924-2014.
245 10 - TITLE STATEMENT
Title Listen
Statement of responsibility, etc. [by Joseph Kerman, Gary Tomlinson and Vivian Kerman].
250 ## - EDITION STATEMENT
Edition statement 5th brief ed.
260 ## - PUBLICATION, DISTRIBUTION, ETC.
Place of publication, distribution, etc. New York :
Name of publisher, distributor, etc. Worth Publishers ; PolyGram,
Date of publication, distribution, etc. p2004.
300 ## - PHYSICAL DESCRIPTION
Extent 6 sound discs :
Other physical details digital ;
Dimensions 4 3/4 in.
500 ## - GENERAL NOTE
General note For use with the author's book of the same title.
500 ## - GENERAL NOTE
General note Title on container: 6 CDs to accompany Kerman.
500 ## - GENERAL NOTE
General note Compact discs.
500 ## - GENERAL NOTE
General note List of contents on back of container.
650 #0 - SUBJECT ADDED ENTRY--TOPICAL TERM
Topical term or geographic name entry element Musical analysis.
650 #0 - SUBJECT ADDED ENTRY--TOPICAL TERM
Topical term or geographic name entry element Music appreciation.
700 1# - ADDED ENTRY--PERSONAL NAME
Personal name Kerman, Vivian.
700 1# - ADDED ENTRY--PERSONAL NAME
Personal name Tomlinson, Gary
942 ## - ADDED ENTRY ELEMENTS (KOHA)
Source of classification or shelving scheme Library of Congress Classification
Koha item type Books
Edition 5th Brief Ed.
Suppress in OPAC No
999 ## -
-- 9058
-- 9058
Holdings
Withdrawn status Lost status Source of classification or shelving scheme Damaged status Not for loan Collection Home library Current library Shelving location Date acquired Total checkouts Full call number Barcode Date last seen Copy number Price effective from Koha item type
    Library of Congress Classification     Non-fiction Business Library (Miotso) Business Library (Miotso) General stacks 03/11/2026   MT6 .K365 KER BSSM00002787 03/13/2026 1 03/11/2026 Books
© 2023-2024 Copyright: Central University Libraries. All Rights Reserved | Created by: Mahone Tech Office